| 000 | 00650 a2200217 4500 | ||
|---|---|---|---|
| 999 |
_c4780 _d4780 |
||
| 020 | _a9780077382872 | ||
| 050 | _aRC480.5 SLI 2010 | ||
| 100 |
_aSlife, Brent _eauthor |
||
| 245 |
_aTaking sides : _bClashing views on controversial psychological issues / _cBrent D. Slife |
||
| 250 | _a17th ed. | ||
| 264 |
_aNew York : _bMcGraw-Hill, _c2010 |
||
| 300 |
_axxviii; 396p. _bill. |
||
| 440 | _aContemporary learning series | ||
| 500 | _aIncludes bibliographical references | ||
| 650 | _aPsychology | ||
| 650 | _a Psychiatry | ||
| 650 | _aCritical thinking | ||
| 650 | _aMental health | ||
| 650 | _aPsychotherapy | ||
| 942 |
_2lcc _cBK _h480.5 _iSLI _kRC |
||